20 Centuries of great preaching: (Record no. 1877)

000 -LEADER
fixed length control field 00704nam a2200205 a 4500
001 - CONTROL NUMBER
control field :::00018143$&:&@@
003 - CONTROL NUMBER IDENTIFIER
control field OkBaRHE
005 - DATE AND TIME OF LATEST TRANSACTION
control field 20100327132049.0
008 - FIXED-LENGTH DATA ELEMENTS--GENERAL INFORMATION
fixed length control field s1971 j 000 0 eng u
040 ## - CATALOGING SOURCE
Transcribing agency
100 1# - MAIN ENTRY--PERSONAL NAME
Personal name Fant, Clyde E.,
245 10 - TITLE STATEMENT
Title 20 Centuries of great preaching:
Remainder of title an encyclopedia of preaching; vol. 5.
Statement of responsibility, etc Donald E. Hammer, research associate.
260 ## - PUBLICATION, DISTRIBUTION, ETC. (IMPRINT)
Place of publication, distribution, etc Waco, TX., :
Name of publisher, distributor, etc Word Books
Date of publication, distribution, etc 1971
300 ## - PHYSICAL DESCRIPTION
Extent v. (1-13) : illus. ;
Dimensions 24 cm.
650 ## - SUBJECT ADDED ENTRY--TOPICAL TERM
Topical term or geographic name as entry element Preaching
General subdivision History
650 ## - SUBJECT ADDED ENTRY--TOPICAL TERM
Topical term or geographic name as entry element Sermons
700 ## - ADDED ENTRY--PERSONAL NAME
Personal name Pinson, William M., Joint comp.
942 ## - ADDED ENTRY ELEMENTS (KOHA)
Source of classification or shelving scheme
Koha item type Books
Copies
Barcode Price effective from Withdrawn status Koha item type Copy number Permanent Location Shelving location Date acquired Lost status Full call number Date last seen Damaged status Not for loan Source of classification or shelving scheme Collection code
181432010-04-14 Books1RHEMA Bible Training CollegeGeneral Stacks2010-04-14 BV 4241 .F34 V.52010-04-14   Reference